000 00736cam a22002533a 4500
001 26632
003 PGUSA
005 20140828083556.0
008 080916s2008||||xxu|||||s|||||000 | eng d
040 _aPGUSA
_beng
042 _adc
050 4 _aSH
100 1 _aWharton, James
245 1 4 _aThe Bounty of the Chesapeake :
_bFishing in Colonial Virginia
_h[electronic resource] /
_cJames Wharton
260 _bProject Gutenberg,
_c2008
506 _aPublic domain in the USA.
516 _aElectronic text
653 _aFishing -- Virginia
653 _aFisheries -- Virginia
653 _aChesapeake Bay (Md. and Va.)
830 0 _aProject Gutenberg
_v26632
856 4 0 _uhttp://www.gutenberg.org/ebooks/26632
942 _cEB
999 _c255887
_d255887